| 000 | 00417cam a2200169 4500 | ||
|---|---|---|---|
| 001 | D12453 | ||
| 008 | 090401t1946 xxu||||| |||| 00| 0 eng d | ||
| 035 | _a(Sirsi) u3617 | ||
| 041 | _aeng | ||
| 110 |
_aCommonwealth Institute of Valuers _9409 |
||
| 245 | _aElementary surveying and sub-division of land | ||
| 260 |
_aSydney _bCIV _c1946 |
||
| 350 | _a0 | ||
| 520 | _aShelf 178 | ||
| 942 | _n0 | ||
| 948 | _c04/03/1997 | ||
| 999 |
_c85911 _d85911 |
||